| 000 | 00512nam a22001937a 4500 | ||
|---|---|---|---|
| 003 | MPLRDC | ||
| 005 | 20220104124709.0 | ||
| 008 | 210129b ||||| |||| 00| 0 eng d | ||
| 020 | _a978-986-85847-0-9 | ||
| 082 | _a874.57 AUS | ||
| 100 | _aJANE AUSTEN, SETH GRAHAME-SMITH | ||
| 245 |
_a傲慢与偏见与僵尸 _c吴妍仪 译 |
||
| 250 | _a初版三刷 | ||
| 260 |
_a台湾 _b小异出版 _c2010 |
||
| 300 | _b326 | ||
| 490 | _aSM: 11 | ||
| 650 | _a美国文学--长篇小说 | ||
| 942 |
_cBK _o874.57 AUS |
||
| 999 |
_c21423 _d21413 |
||